000 00793nam a2200229 i 4500
001 170167
003 ES-MaACL
005 20250805063310.0
008 090209s1957 xxk |||| | eng d
080 _a1 Aristóteles
100 0 _aAristóteles
_922861
245 1 0 _aAristotle’s Prior and Posterior analytics /
_ca revised text with introduction and commentary by W.D. Ross.
260 _aOxford :
_bClarendon Press,
_c1957.
300 _aX, 690 p., [1] h. pleg. ;
_c23 cm.
500 _aÍndice.
504 _aBibliografía.
546 _aTexto en inglés y griego.
700 0 _aRoss, William David.
_999823
740 0 _aPrior and posterior analytics.
852 4 _aES-MaACL
_jE-12430
_9R.140588
_z. - Biblioteca Jacinto Martínez Lacalle
999 _c170167
_d170167